A Test of the maximum heterozygosity hypothesis using molecular markers in tetraploid potatoes (Record no. 53668)

MARC details
000 -LEADER
fixed length control field 00483nam a2200169Ia 4500
100 ## - MAIN ENTRY--AUTHOR NAME
Personal name Bonierbale M W
245 #2 - TITLE STATEMENT
Title A Test of the maximum heterozygosity hypothesis using molecular markers in tetraploid potatoes
260 ## - PUBLICATION, DISTRIBUTION, ETC. (IMPRINT)
Name of publisher Theoretical and Applied Genetics
Year of publication 1993
300 ## - PHYSICAL DESCRIPTION
Number of Pages 481-491
650 ## - SUBJECT ADDED ENTRY--TOPICAL TERM
Topical Term Heterosis
650 ## - SUBJECT ADDED ENTRY--TOPICAL TERM
Topical Term Heterozygosity
650 ## - SUBJECT ADDED ENTRY--TOPICAL TERM
Topical Term Polyploids
650 ## - SUBJECT ADDED ENTRY--TOPICAL TERM
Topical Term Potato
650 ## - SUBJECT ADDED ENTRY--TOPICAL TERM
Topical Term RFLP
942 ## - ADDED ENTRY ELEMENTS (KOHA)
Koha item type Journals
Holdings
Withdrawn status Lost status Damaged status Not for loan Home library Current library Date acquired Serial Enumeration / chronology Koha item type
      Journals RRII Library RRII Library 17/12/2021 Volume 86, Issue 4 Journals